banner-ar

صناعةالملابس الجاهزة ومستقبلها حتى عام 2000م / (Record no. 27356)

MARC details
000 -الفاتح
حقل البيانات ثابتة الطول 00758nam a2200217Ia 4500
008 - عناصر البيانات ثابتة الطول - معلومات عامة
حقل البيانات ثابتة الطول 140319s9999 xx 000 0 ara d
040 ## - مصدر الفهرسة
وكالة الفهرسة الأصلية GCL /
وكالة النسخ GCL
082 04 - رقم تصنيف ديوى العشرى
رقم التصنيف د
رقم المادة 328.30338
-- ر ص
100 1# - المدخل الرئيسى - إسم شخصى
الإسم الشخصى رئاسة الجمهورية
245 10 - بيان العنوان
العنوان صناعةالملابس الجاهزة ومستقبلها حتى عام 2000م /
بيان المسئوليه,etc رئاسة الجمهورية
700 1# - المدخل الاضافى - اسم شخصى
الإسم الشخصى المجالس القومية المتخصصة
260 ## - PUBLICATION, DISTRIBUTION, ETC. (IMPRINT)
تاريخ النشر أو التوزيع 1979
300 ## - الوصف المادى
التعداد القاهرة
490 ## - بيان السلسلة
عنوان السلسلة المغتربون
رقم المجلد/ التعيين التسلسلي 0
650 04 - المدخل الاضافى بالموضوع-مصطلح موضوعى
مصطلح موضوعي الاقتصاد
650 04 - المدخل الاضافى بالموضوع-مصطلح موضوعى
مصطلح موضوعي الهيئات التشريعية
650 04 - المدخل الاضافى بالموضوع-مصطلح موضوعى
مصطلح موضوعي الملابس
650 04 - المدخل الاضافى بالموضوع-مصطلح موضوعى
مصطلح موضوعي صناعة وتجارة
942 ## - عناصر المدخل الإضافي( كوها)
مصدر التصنيف او مخطط الترفيف Dewey Decimal Classification
Koha [default] item type ملف كمبيوتر
260 ## - PUBLICATION, DISTRIBUTION, ETC. (IMPRINT)
-- [S.N] :
-- المجالس القومية المتخصصة ،
Holdings
حالة التراجع حالة الفقد حالة تلف ليس للاعارة المكان المؤقت الموقع الحالى تاريخ الاكتساب اجمالي اﻻعارات رقم الطلب الباركود تاريخ اخر مشاهدة تاريخ تفعيل السعر نوع وعاء كوها
        مكتبة القاهرة الكبرى مكتبة القاهرة الكبرى 03/26/2014   د\328.30338\ر ص 61685 03/26/2014 03/26/2014 ملف كمبيوتر
        مكتبة القاهرة الكبرى مكتبة القاهرة الكبرى 03/26/2014   د\328.30338\ر ص 61686 03/26/2014 03/26/2014 ملف كمبيوتر

Powered By

EGPV